000
00245 a2200097 4500
090
_c
4943
_d
4943
100
_a
Dr.M.A.Hijazi
245
_a
Mass Communication Theory and Practice
260
_a
A.ONE PUB
_b
Lahore
_c
1989
942
_a
NBS
_c
BK
_k
001.51 HIJ
999
_c
347372
_d
347372